Education: The basics (Record no. 1395457)

MARC details
000 -LEADER
fixed length control field 00605nam a2200229Ia 4500
005 - DATE AND TIME OF LATEST TRANSACTION
control field 20250508165509.0
008 - FIXED-LENGTH DATA ELEMENTS--GENERAL INFORMATION
fixed length control field 008 250505s9999 xx 000 0 eng d
020 ## - INTERNATIONAL STANDARD BOOK NUMBER
International Standard Book Number 978-0-415-58955-0
037 ## - SOURCE OF ACQUISITION
Stock number Textual
040 ## - CATALOGING SOURCE
Original cataloging agency FEDL
Language of cataloging eng
Transcribing agency FEDL
041 ## - LANGUAGE CODE
Language code of text/sound track or separate title eng
Source of code eng
084 ## - COLON CLASSIFICATION NUMBER
Classification number 370, WOO
Assigning agency FEDL
100 ## - MAIN ENTRY--PERSONAL NAME
Personal name Wood Kay
9 (RLIN) 600345
245 #0 - TITLE STATEMENT
Title Education: The basics
260 ## - PUBLICATION, DISTRIBUTION, ETC.
Place of publication, distribution, etc. London, UK
Name of publisher, distributor, etc. Routledge
Date of publication, distribution, etc. 2011
300 ## - PHYSICAL DESCRIPTION
Extent xviii, 170p.
365 ## - TRADE PRICE
Price type code INR
Price amount 6
490 ## - SERIES STATEMENT
Series statement The Basics
546 ## - LANGUAGE NOTE
Language note Special Indian reprint, 2015
942 ## - ADDED ENTRY ELEMENTS (KOHA)
Koha item type Textual
Classification part 370, WOO
Holdings
Withdrawn status Lost status Damaged status Not for loan Home library Current library Date acquired Cost, normal purchase price Total Checkouts Full call number Barcode Date last seen Price effective from Koha item type
        Department of Education Library Department of Education Library 2025-05-08 6.00   370, WOO EL0089095 2025-05-08 2025-05-08 Textual
Copyright @ Delhi University Library System